|
|
|
|
| LEADER |
00000nam a2200000 a 4500 |
| 001 |
vtls001371504 |
| 003 |
SK-MaSNL |
| 005 |
20260302000531.0 |
| 008 |
240318s1779 xx 0 und |
| 035 |
|
|
|a SNK000325317
|
| 040 |
|
|
|a SNK
|b slo
|c SNK
|e AACR2
|
| 041 |
0 |
|
|a und
|
| 044 |
|
|
|a xx
|
| 100 |
1 |
|
|a Lessing, Gotthold Ephraim,
|d 1729-1781
|4 aut
|9 105844
|
| 245 |
1 |
0 |
|a Nathan der Weise. Ein Dramatisches Gedicht, in fünf Aufzügen
|b Prítl. 1: Agnes Brenauerinn. Ein Dramatisches Gedicht, in fünf Aufzügen, von Törring - Seefeld.; Prítl. 2: leichtsinn und gutes Herz. Ein Dramatisches Gedicht, in fünf Aufzügen, von hagemann
|
| 260 |
|
|
|a [S.l.]; Wien; [s.l.]
|b [s.n.]
|c 1779; 1782; 1792
|
| 300 |
|
|
|a 184 s.; 185 - 271 s.; 273 - 304 s.
|
| 500 |
|
|
|a Jos. B. Botto (?) - Pečať Nyitravármegzei Museum 1900
|
| 958 |
|
|
|a ONDV
|
| 999 |
|
|
|c 979983
|d 981913
|
| 952 |
|
|
|a SNK
|b SNK
|y VYP
|7 0
|p 17A0473610
|o snkID 64685 D1
|i snk2005/10376
|8 5
|3 xerokópia ; rekatalogizácia
|0 0
|1 1
|4 0
|d 2009-01-12
|l 0
|r 2026-02-24 11:16:15
|w 2026-02-24
|
| 952 |
|
|
|t P60, <04>, [BOOK], {604}
|a SNK
|b SNK
|y VYP
|7 0
|p 17A0209581
|o snkID 64685
|0 0
|1 0
|4 0
|d 1999-09-03
|l 0
|r 2005-01-02 00:00:00
|w 2026-02-24
|